[Event "45th FIDE Chess Olympiad Open"]
[Site "Budapest, Hungary"]
[Date "2024.09.11"]
[Round "1.177"]
[White "Ayyad, Husain"]
[Black "Tin, Jingyao"]
[Result "1/2-1/2"]
[WhiteElo "2129"]
[BlackElo "2580"]
[PlyCount "149"]
[EventDate "2024.??.??"]
[WhiteTeam "Bahrain"]
[BlackTeam "Singapore"]
[WhiteTeamCountry "BHN"]
[BlackTeamCountry "SIN"]
[WhiteClock "0:05:16"]
[BlackClock "0:01:34"]

1. e4 c6 2. d4 d5 3. Nd2 dxe4 4. Nxe4 Nf6 5. Nxf6+ exf6 6. Be3 Bd6 7. Bd3 O-O 8. c3 Re8 9. Qc2 h5 10. Ne2 Na6 11. O-O h4 12. h3 Nc7 13. c4 Bd7 $146 ({RR} 13... Ne6 14. Rad1 g6 15. Rfe1 Bc7 16. d5 cxd5 17. cxd5 Ng7 18. Bb5 Rxe3 19. fxe3 Qd6 20. Nd4 Qh2+ 21. Kf1 Qh1+ 22. Ke2 Qxg2+ 23. Kd3 Qxc2+ 24. Kxc2 Bxh3 25. Nf3 Bg3 26. Rg1 Nf5 27. Rd3 Bf2 {0-1 (27) Stefansson,H (2526)-Navara,D (2684) Katowice POL 2022}) 14. c5 Bf8 15. Nc3 g6 16. Rfe1 Be6 17. Rad1 Nd5 18. Nxd5 Bxd5 19. b4 b5 20. Bf4 a5 21. a4 bxa4 22. Qxa4 axb4 23. Qxb4 Qd7 24. Rxe8 Rxe8 25. Re1 Rd8 26. Be3 Be6 27. Be2 Bg7 28. d5 Bxd5 29. Qxh4 Re8 30. Rb1 f5 31. Bf1 Be4 32. Rc1 Bb2 33. Re1 Qd5 34. f3 Bd3 35. Bxd3 Qxd3 36. Bf2 Rxe1+ 37. Bxe1 Bd4+ 38. Bf2 Be5 39. f4 Bc7 40. Qg3 Qe4 41. Be3 Kf8 42. Qf2 Ba5 43. Qe2 Bb4 44. Kf2 Qd5 45. Qc2 Ke7 46. Kf1 Kd7 47. Kf2 Kc7 48. Kg3 Kc8 49. h4 Be1+ 50. Bf2 Qd2 51. Qxd2 Bxd2 52. Kf3 Kd7 53. g4 Ke6 54. Kg3 fxg4 55. Kxg4 Bc3 56. Bg1 Bf6 57. Bf2 Bc3 58. Bg1 Ba5 59. Bf2 Bd8 60. f5+ gxf5+ 61. Kf4 Bc7+ 62. Kg5 Bd8+ 63. Kf4 Kf6 64. Bd4+ Kg6 65. h5+ Kxh5 66. Kxf5 Be7 67. Be3 Kh4 68. Bf4 Kh3 69. Bg5 Bxg5 70. Kxg5 Kg3 71. Kf5 Kf3 72. Ke5 Ke3 73. Kd6 f5 74. Kxc6 f4 75. Kd6 1/2-1/2

[Event "45th FIDE Chess Olympiad Open"]
[Site "Budapest, Hungary"]
[Date "2024.09.11"]
[Round "1.178"]
[White "Siddharth, Jagadeesh"]
[Black "Ayyad, Maher"]
[Result "1-0"]
[WhiteElo "2514"]
[BlackElo "1980"]
[PlyCount "55"]
[EventDate "2024.??.??"]
[WhiteTeam "Singapore"]
[BlackTeam "Bahrain"]
[WhiteTeamCountry "SIN"]
[BlackTeamCountry "BHN"]
[WhiteClock "0:30:48"]
[BlackClock "0:13:36"]

1. e4 c5 2. Nf3 e6 3. d4 cxd4 4. Nxd4 Nf6 5. Bd3 Nc6 6. Nxc6 bxc6 7. Bf4 d5 8. Nd2 Be7 9. O-O O-O 10. e5 Nd7 11. Re1 f5 12. exf6 Nxf6 ({RR} 12... Bxf6 13. Rxe6 Nc5 14. Rxc6 Nxd3 15. cxd3 Bxb2 16. Rb1 Rxf4 17. Rxb2 Bd7 18. Rcc2 Qf6 19. Rb7 Bg4 20. Qe1 Bf5 21. Rcc7 Rg4 22. Nf1 Rg6 23. Rf7 Qxf7 24. Rxf7 Kxf7 25. Qe5 Be6 26. f4 Rf6 27. Ng3 {Zhao Jun (2542)-Wan Yunguo (2506) Xinghua CHN 2024 1-0 (36)}) 13. Be5 Qe8 $146 ({RR} 13... Bc5 14. Nb3 Bb6 15. Bd4 Qe7 16. Bxb6 axb6 17. Nd4 c5 18. Nf3 Qd6 19. c3 Bb7 20. Qe2 Rae8 21. Qe5 Qxe5 22. Nxe5 Rd8 23. a4 Ra8 24. Bb5 Rfd8 25. f3 d4 26. Nc4 dxc3 27. bxc3 Nd5 28. Rxe6 {Anandh,V (1787)-Zhuang,K (1851) Dulles USA 2023 1-0 (107)}) 14. c4 Qf7 15. Qc2 g6 16. Nf3 Nd7 17. Rac1 Nc5 18. cxd5 cxd5 19. Bd4 Nxd3 20. Qxd3 Bd6 21. h4 Qf5 22. Qb5 Bf4 23. Rc3 Rb8 24. Qc5 Rf7 25. Ne5 Bxe5 26. Bxe5 Rb5 27. Qxc8+ Rf8 28. Qd7 1-0

[Event "45th FIDE Chess Olympiad Open"]
[Site "Budapest, Hungary"]
[Date "2024.09.11"]
[Round "1.179"]
[White "Monther, Alfardan"]
[Black "Wong, Zhenyong Jayden"]
[Result "0-1"]
[WhiteElo "1834"]
[BlackElo "2397"]
[PlyCount "106"]
[EventDate "2024.??.??"]
[WhiteTeam "Bahrain"]
[BlackTeam "Singapore"]
[WhiteTeamCountry "BHN"]
[BlackTeamCountry "SIN"]
[WhiteClock "0:11:35"]
[BlackClock "0:03:57"]

1. e4 {Krasenkow,Michal} c5 2. Nf3 e6 3. c3 d5 4. exd5 Qxd5 5. d4 Nf6 6. Na3 Nc6 7. Be3 cxd4 8. Nb5 Qd7 ({RR} 8... Qd8) 9. Nbxd4 a6 ({RR} 9... Nd5 10. Bd2 Bd6 11. Nxc6 bxc6 12. Bd3 Rb8 13. Qc2 h6 14. O-O c5 15. Rad1 Qc7) 10. Bd3 ({RR} 10. Nxc6 Qxc6 11. Ne5 Qc7 12. Qa4+ Nd7 13. f4 Bd6 14. O-O-O O-O 15. Nxd7 Bxd7 16. Qd4 Rfd8 17. Be2 Bc6 18. Rhg1 e5 19. fxe5 Bxe5 20. Qh4 Rxd1+ 21. Bxd1 Bxh2 22. Bc2 h6 23. Rf1 Bxg2 24. Rf5 Re8 {Priasmoro,N (2504)-Wong,Z (2348) Hanoi VIE 2023 0-1}) 10... Nd5 $146 ({RR} 10... Bd6 11. O-O O-O ({RR} 11... O-O 12. Re1 Qc7 13. Nxc6 bxc6 14. Qa4 Nd5 15. Qh4 h6 16. Bd4) 12. Re1 Qc7 13. Nxc6 bxc6 14. Qa4 Nd5 15. Qh4 h6 16. Bd2 Rb8 17. Rab1 Bf4 18. Bxf4 Nxf4 19. Bc2 c5 20. Ne5 Nd5 21. Qc4 Bb7 22. Qd3 f5 23. Qg3 Nf6 24. Bb3 Bd5 25. Nc4 {Kartsev,A (2189)-Hoffmann,M (2424) Germany 2013 0-1 (40)}) ({RR} 10... Bd6 11. O-O Ne7 12. Qc2 ({RR} 12. Re1 O-O 13. Bg5) 12... O-O 13. Bg5 Ng6 ({RR} 13... Ned5) 14. Rad1 Qc7 15. Rfe1 Bd7 16. g3 Rfe8 ({RR} 16... Ng4) 17. Bxf6 gxf6 18. h4 Kh8 ({RR} 18... Kg7) 19. Qd2 Bf8 ({RR} 19... Rad8 20. h5 Nf4 21. gxf4 Bxf4) 20. h5 Ne7 21. Bc2 Red8 22. Qd3 f5 23. g4 ({RR} 23. Ng5 Be8 ({RR} 23... Kg8 24. Bb3) 24. Qe2) 23... f6 ({RR} 23... Qf4) 24. g5 ({RR} 24. gxf5 e5) ({RR} 24. Nh4 Nc6 25. gxf5 Nxd4 26. Qxd4 e5 27. Qe3) 24... Qf4 25. gxf6 {Aronian,L (2767)-Caruana,F (2828) Stavanger 2020 CBM 199 [Krasenkow,Michal] 0-1 (38)}) ({RR} 10... Bc5 11. O-O Nxd4 12. cxd4 Be7 13. Ne5 Qd5 14. Bc4 Qd6 15. Bf4 Qd8 16. Re1 O-O) ({RR} 10... Be7 11. O-O O-O 12. Qc2 h6 13. h3 b5 14. Nxc6 Qxc6 15. Nd4 Qd5 16. Be2 Bb7 17. Bf3 Qd7 18. Bxb7 Qxb7 19. a4 bxa4 20. Rxa4 Nd5 21. Bd2 Rfc8 22. Rfa1 Bf6 23. Bc1 Bxd4 24. Rxd4 Rc6 25. Qe2 {Kindt,M (2037)-Pluijmen,T (1850) Catez SLO 2024 1-0 (54)}) ({RR} 10... Be7 11. Qe2 b5 12. Rd1 Bb7 13. Bb1 Qc7 14. O-O O-O 15. Bg5 Rad8 16. Rfe1 b4 17. Qc4 bxc3 18. bxc3 Qc8 19. Qd3 g6 20. Ne5 Nxe5 21. Rxe5 Qc7 22. Rde1 Ng4 23. Bf4 Bd6 24. Rg5 Bxf4 25. Rxg4 {Miechowicz,W (1995)-Orzech,D (2315) Przelazy 2004 0-1}) 11. O-O Be7 12. Nxc6 bxc6 13. Ne5 Qc7 14. Qh5 g6 15. Nxg6 fxg6 16. Bxg6+ Kd8 17. Rad1 Bd7 18. c4 Nf6 19. Qh3 Kc8 20. Bf7 Qe5 21. Bd4 Qf5 22. Qxf5 exf5 23. Rfe1 Bd8 24. Be6 Bxe6 25. Rxe6 Rf8 26. Rxc6+ Kb7 27. Re6 Rc8 28. c5 Ne4 29. b4 Rc6 30. Rxc6 Kxc6 31. f3 Ng5 32. a4 Bc7 33. h4 Ne6 34. Bf2 Rb8 35. Be1 Nf4 36. b5+ axb5 37. axb5+ Rxb5 38. Bf2 Rb2 39. Kf1 Ne6 40. g4 f4 41. Re1 Kd5 42. Rd1+ Kc6 43. Re1 Nxc5 44. Bxc5 Kxc5 45. Re7 Kc6 46. Rxh7 Bb6 47. Rf7 Rf2+ 48. Ke1 Rxf3 49. h5 Kd5 50. h6 Re3+ 51. Kf1 Ke4 52. Re7+ Kf3 53. h7 Bd4 0-1

[Event "45th FIDE Chess Olympiad Open"]
[Site "Budapest, Hungary"]
[Date "2024.09.11"]
[Round "1.180"]
[White "Chia, Yu Zhe Ashton"]
[Black "Mosa, Hamad"]
[Result "1-0"]
[WhiteElo "2224"]
[BlackElo "1721"]
[PlyCount "85"]
[EventDate "2024.??.??"]
[WhiteTeam "Singapore"]
[BlackTeam "Bahrain"]
[WhiteTeamCountry "SIN"]
[BlackTeamCountry "BHN"]
[WhiteClock "0:56:37"]
[BlackClock "0:37:35"]

1. e4 e6 2. d4 d5 3. Nc3 Nf6 4. Bg5 dxe4 5. Nxe4 Be7 6. Bxf6 Bxf6 7. Nf3 Be7 8. Bd3 Bd7 ({RR} 8... O-O 9. Qe2 f5 10. Ned2 c5 11. dxc5 Bxc5 12. O-O Nc6 13. Nc4 Qc7 14. Rfe1 Nd4 15. Nxd4 Bxd4 16. c3 Bf6 17. Ne5 Rd8 18. Rad1 Bxe5 19. Qxe5 Qxe5 20. Rxe5 b6 21. Ree1 Kf7 22. f4 Bb7 23. Kf2 {Sanal,V (2563)-Atalik,S (2504) Paracin 2021 ½-½ (40)}) ({RR} 8... O-O 9. Qe2 Nd7 10. O-O-O a5 11. h4 a4 12. Nfg5 h6 13. Kb1 a3 14. b3 Ra5 15. f4 b6 16. g4 Bb7 17. Rh3 Nf6 18. Nxf6+ Bxf6 19. c3 Re8 20. Nxf7 Kxf7 21. g5 Be7 22. Qh5+ Kg8 23. Qg6 {Napoli,N (2228)-Vijayalakshmi,S (2332) chess.com INT 2024 1-0}) 9. Qe2 Nc6 $146 ({RR} 9... Bc6 10. O-O-O O-O 11. h4 Bd5 12. c4 Bxe4 13. Qxe4 g6 14. h5 Bg5+ 15. Kb1 Nc6 16. hxg6 hxg6 17. Qg4 Qf6 18. Qxg5 Qxg5 19. Nxg5 Kg7 20. Nf3 Rad8 21. Be4 Na5 22. b3 c6 23. g4 f5 24. gxf5 {Pundt,W (1931)-Lindemann,E (1323) Bremen 2014 1-0 (32)}) ({RR} 9... Bc6 10. Rd1 Nd7 11. Ne5 Bxe4 12. Bxe4 c6 13. O-O Qc7 14. Rfe1 Nf6 15. Bf3 O-O 16. a3 a5 17. c4 Rad8 18. c5 Nd5 19. Be4 Nf6 20. Bb1 Rd5 21. Ba2 Rdd8 22. Qc2 Rfe8 23. Re3 Bf8 24. Rh3 {Fernandez Lago,D (2000)-Mondelo Fidalgo,A (1739) Linares 2014 1-0 (34)}) 10. O-O-O Nb4 11. Bc4 c6 12. Bb3 b5 13. c3 Nd5 14. Ne5 Nf6 15. Nc5 Bxc5 16. dxc5 Qe7 17. Rd6 a5 18. Rhd1 a4 19. Bc2 a3 20. Nxd7 axb2+ 21. Kb1 Nd5 22. R1xd5 cxd5 23. Qxb5 Rd8 24. Nb8+ Kf8 25. Nc6 Re8 26. Nxe7 Kxe7 27. Qb7+ Kf6 28. Rd7 Rhf8 29. Qc7 g6 30. Qf4+ Kg7 31. Qe5+ Kg8 32. c6 Rb8 33. Qxb8 Rxb8 34. c7 Rf8 35. Rd8 Kg7 36. Rxf8 Kxf8 37. a4 Ke7 38. c8=Q Kf6 39. a5 Kg7 40. a6 Kf6 41. a7 Kg7 42. a8=Q Kf6 43. Qh8+ 1-0

[Event "45th FIDE Chess Olympiad Open"]
[Site "Budapest, Hungary"]
[Date "2024.09.11"]
[Round "1.182"]
[White "Oscar Naranjo Gonzalez"]
[Black "Stefansson, Hannes"]
[Result "0-1"]
[WhiteElo "1861"]
[BlackElo "2471"]
[PlyCount "90"]
[EventDate "2024.??.??"]
[WhiteTeam "Equatorial Guinea"]
[BlackTeam "Iceland"]
[BlackTeamCountry "ISL"]
[WhiteClock "0:01:24"]
[BlackClock "0:04:48"]

1. e4 c5 2. Nc3 Nc6 3. f4 g6 4. Nf3 Bg7 5. Bc4 e6 6. O-O Nge7 7. a3 O-O 8. d3 d5 9. Ba2 Nd4 ({RR} 9... b6 10. Qe1 Nd4 11. Nxd4 cxd4 12. Nd1 dxe4 13. dxe4 Ba6 14. Rf3 Rc8 15. Bb3 Nc6 16. Bd2 d3 17. c3 Na5 18. Ba2 Nc4 19. Bxc4 Rxc4 20. Nf2 Rc7 21. Qf1 Qa8 22. Re1 Rd7 23. e5 Rc8 24. Ne4 {Huesmann,T (2295)-Tratar,M (2476) San Sebastian 2007 0-1 (73)}) 10. Nxd4 ({RR} 10. Kh1 Rb8 11. e5 b5 12. Nxd4 cxd4 13. Ne2 Qb6 14. Bd2 a5 15. Qe1 Ra8 16. g4 Bb7 17. Qh4 Nc6 18. Qg3 Rac8 19. h4 Ne7 20. Rac1 Rc7 21. h5 Rfc8 22. hxg6 hxg6 23. Bb1 b4 24. axb4 axb4 {Silvestre,C (1942)-Joubert,D (1566) chess.com INT 2023 1-0 (36)}) 10... cxd4 11. Ne2 Bd7 $146 ({RR} 11... Qb6 12. e5 Bd7 13. Rf3 Rac8 14. Bb3 Rc7 15. Bd2 a5 16. Qe1 Ra8 17. a4 Nc6 18. Qf2 Bf8 19. Rh3 Be7 20. g4 f5 21. gxf5 gxf5 22. Qg2+ Kf7 23. Rxh7+ Ke8 24. Qg8+ Bf8 25. Qf7+ Kd8 26. Qxf8+ {Manukovsky,V (2203)-Moiseenko,A (1943) Voronezh 2014 1-0}) ({RR} 11... dxe4 12. dxe4 Qb6 13. Kh1 Bd7 14. Ng3 Rac8 15. Bb3 Bb5 16. Re1 Bc4 17. Bxc4 Rxc4 18. b3 Rc6 19. e5 Rfc8 20. Bb2 Rxc2 21. Bxd4 Qc6 22. Re2 Rc1 23. Rxc1 Qxc1 24. Re1 Qxf4 25. Ne4 Nf5 26. Bb2 {Patay,T-Weiner,Z Parsippany 2007 0-1 (35)}) ({RR} 11... b5 12. g4 dxe4 13. dxe4 Qb6 14. Kh1 Bb7 15. Ng3 f5 16. gxf5 Nxf5 17. Qe1 Rae8 18. Bd2 Qc6 19. Bb4 Nxg3+ 20. hxg3 Qxc2 21. Bb1 Qxb2 22. Bd3 Rf7 23. Rb1 Qa2 24. Rf2 Qxf2 25. Qxf2 a6 26. Kg1 {Dean,M (1691)-Price,M (1906) Uxbridge 2010 ½-½ (46)}) 12. Bd2 dxe4 13. dxe4 Qb6 14. Kh1 Rfc8 15. Rb1 Ba4 16. Bb3 Bxb3 17. cxb3 a5 18. Rc1 Qb5 19. Rf3 Rc6 20. Rxc6 Qxc6 21. e5 Nf5 22. Qc1 Qd7 23. Qb1 Rc8 24. Qd3 Qc6 25. h3 Qd5 26. Ng3 f6 27. Nxf5 exf5 28. e6 Bf8 29. Re3 Be7 30. Re1 Kf8 31. Kh2 Rc6 32. b4 axb4 33. axb4 Qc4 34. Qb1 Qc2 35. Qxc2 Rxc2 36. Rd1 Bd6 37. Kg1 Rxb2 38. Be1 Bxf4 39. Kf1 Be3 40. Ra1 d3 41. Rd1 d2 42. Bg3 f4 43. Ke2 Rxb4 44. Bh2 Rc4 45. g3 g5 0-1

[Event "45th FIDE Chess Olympiad Open"]
[Site "Budapest, Hungary"]
[Date "2024.09.11"]
[Round "1.183"]
[White "Heimisson, Hilmir Freyr"]
[Black "Angel Estanislao Gatjens Capc"]
[Result "1-0"]
[WhiteElo "2391"]
[BlackElo "1849"]
[PlyCount "87"]
[EventDate "2024.??.??"]
[WhiteTeam "Iceland"]
[BlackTeam "Equatorial Guinea"]
[WhiteTeamCountry "ISL"]
[WhiteClock "0:11:45"]
[BlackClock "0:35:43"]

1. c4 Nf6 2. Nc3 g6 3. g3 Bg7 4. Bg2 d6 5. d4 c6 6. Nf3 O-O 7. O-O Nbd7 8. e4 e5 9. h3 h6 10. Be3 Re8 11. Re1 ({RR} 11. Qc2 Qe7 12. d5 c5 13. a3 b6 14. b4 Ba6 15. bxc5 Nxc5 16. Bxc5 dxc5 17. Qe2 Rf8 18. a4 Ne8 19. a5 Nd6 20. Ra4 f5 21. Nd2 f4 22. axb6 axb6 23. Rfa1 Bb7 24. Rxa8 Bxa8 25. Nb5 fxg3 {Burmakin,V (2534)-Kristovic,M (2315) Pula 1999 1-0 (57)}) ({RR} 11. Qc2 Qe7 12. Rfe1 exd4 13. Bxd4 Nf8 14. Rad1 Ne6 15. Be3 Kh7 16. Qd2 Bf8 17. b3 Nd7 18. Nd5 Qd8 19. Nf4 Ng5 20. Nxg5+ hxg5 21. Nd3 Be7 22. c5 Nxc5 23. Nxc5 dxc5 24. Qc1 Qa5 25. Re2 g4 {Hamdouchi,A (2213)-Radikovic,A (2039) Rijeka CRO 2024 ½-½}) 11... Qc7 12. Qd2 Kh7 13. Rad1 a6 $146 ({RR} 13... Nf8 14. b4 Bd7 15. dxe5 dxe5 16. Bc5 Rad8 17. Bd6 Qc8 18. Nxe5 Bxh3 19. Nxf7 Bxg2 20. Kxg2 Rd7 21. Nxh6 Bxh6 22. Rh1 Nh5 23. Qe2 Rf7 {½-½ (23) Southam,D-Bosenius,B Winnipeg 1985}) 14. Qc2 Nf8 15. b4 Be6 16. d5 cxd5 17. cxd5 Bd7 18. Rc1 Rec8 19. a4 b6 20. Nd2 b5 21. a5 Be8 22. f3 h5 23. Qd3 Bh6 24. f4 Qe7 25. Nf3 N8d7 26. Ng5+ Kg7 27. f5 Nh7 28. Nxh7 Kxh7 29. fxg6+ fxg6 30. Bxh6 Kxh6 31. Nb1 Nf6 32. Qe3+ Kg7 33. Nd2 Qd8 34. Nf3 Bd7 35. Nh4 Nh7 36. Rb1 Rc4 37. Rf1 Qc7 38. Rf7+ Kxf7 39. Qh6 Nf8 40. Rf1+ Bf5 41. Nxg6 Nxg6 42. Rxf5+ Kg8 43. Qxg6+ Qg7 44. Qe6+ 1-0

[Event "45th FIDE Chess Olympiad Open"]
[Site "Budapest, Hungary"]
[Date "2024.09.11"]
[Round "1.184"]
[White "Pedro Manuel Envo Engonga Avo"]
[Black "Gretarsson, Helgi Ass"]
[Result "0-1"]
[WhiteElo "1702"]
[BlackElo "2450"]
[PlyCount "70"]
[EventDate "2024.??.??"]
[WhiteTeam "Equatorial Guinea"]
[BlackTeam "Iceland"]
[BlackTeamCountry "ISL"]
[WhiteClock "0:01:29"]
[BlackClock "0:11:48"]

1. e4 Nf6 2. Bc4 Nxe4 3. Bxf7+ Kxf7 4. Qh5+ Kg8 5. Qd5+ e6 6. Qxe4 d5 7. Qe2 c5 ({RR} 7... Nc6 8. Nf3 Bd6 9. d4 Bd7 10. O-O Qf6 11. c3 Rf8 12. Na3 a6 13. Bd2 e5 14. dxe5 Nxe5 15. Nxe5 Qxe5 16. Qxe5 Bxe5 17. Rae1 Bd6 18. Rd1 Kf7 19. Rfe1 Re8 20. Rxe8 Rxe8 21. Nc2 Ba4 22. b3 {Burke,P-Curtis,J (2292) chess.com INT 2024 1-0 (33)}) 8. Nf3 ({RR} 8. f4 Bd6 9. d3 h6 10. Nf3 Kh7 11. O-O Rf8 12. Ne5 Nd7 13. c3 Nxe5 14. fxe5 Rxf1+ 15. Kxf1 Be7 16. Kg1 Bd7 17. Nd2 Qe8 18. d4 cxd4 19. cxd4 Qg6 20. Nf1 Rc8 21. Qd1 Bb5 22. Be3 Rc2 {Vuckovic,B (2320)-Golubovic,B (2450) Nova Gorica 1998 0-1 (33)}) 8... Nc6 9. Nc3 e5 $146 ({RR} 9... Qf6 10. d3 h6 11. Be3 Bd7 12. O-O Nd4 13. Bxd4 cxd4 14. Ne5 Bc6 15. Nb1 Bd6 {½-½ (15) Mateu Farre,J (2020)-Brusi Noguera,R (2146) Barcelona 2011}) ({RR} 9... Bd6 10. O-O a6 11. d3 h6 12. Qd2 Kh7 13. Re1 Rf8 14. d4 cxd4 15. Qd3+ Kh8 16. Nxd4 Bxh2+ 17. Kxh2 Qh4+ 18. Qh3 Qxh3+ 19. Kxh3 Nxd4 {0-1 (19) Llaneza Vega,M-Pascual Arevalo,A (2239) Santa Clara 2000}) 10. h3 Nd4 11. Nxd4 exd4 12. Ne4 d3 13. Qxd3 Bf5 14. f3 Qd7 15. c4 dxe4 16. Qxd7 Bxd7 17. fxe4 Bd6 18. Rf1 Rf8 19. d3 Rxf1+ 20. Kxf1 Kf7 21. Be3 Rc8 22. Ke2 Rc6 23. b4 cxb4 24. Bxa7 b5 25. cxb5 Rc2+ 26. Kf3 Bxb5 27. Bd4 Bxd3 28. e5 Bf8 29. g4 Ke6 30. Ke3 Bc4 31. a4 bxa3 32. Rb1 Kd5 33. Rb8 Re2+ 34. Kf4 Kxd4 35. Rxf8 Rf2+ 0-1

[Event "45th FIDE Chess Olympiad Open"]
[Site "Budapest, Hungary"]
[Date "2024.09.11"]
[Round "1.185"]
[White "Morazo, John Ranel"]
[Black "Henriquez Villagra, Cristobal"]
[Result "0-1"]
[WhiteElo "2200"]
[BlackElo "2604"]
[PlyCount "44"]
[EventDate "2024.??.??"]
[WhiteTeam "Palau"]
[BlackTeam "Chile"]
[WhiteTeamCountry "PAL"]
[BlackTeamCountry "CHI"]
[WhiteClock "0:45:18"]
[BlackClock "1:03:05"]

1. Nf3 d5 2. c4 e6 3. g3 Nf6 4. Bg2 d4 5. d3 Bb4+ 6. Nbd2 a5 7. O-O Nc6 8. a3 Be7 9. Rb1 ({RR} 9. Nb3 e5 10. e3 a4 11. exd4 axb3 12. dxe5 Nd7 13. d4 Nb6 14. c5 Nd5 15. Qxb3 O-O 16. Be3 Be6 17. Qxb7 Na5 18. Qb5 Nxe3 19. fxe3 Nc4 20. Rfe1 Rb8 21. Qa4 Bg5 22. Nxg5 Qxg5 23. d5 Nxe3 {Moroni,L (2581)-Sadhwani,R (2654) Sharjah UAE 2024 ½-½}) 9... O-O 10. Ne4 $146 ({RR} 10. Ne1 Nd7 11. Nc2 Nc5 12. b3 e5 13. Ne4 Na6 14. Nd2 Nc5 15. Qe1 Bg4 16. b4 axb4 17. axb4 Na4 18. b5 Na5 19. Bb2 c6 20. Ba1 Qd7 21. e3 Nc3 22. Bxc3 dxc3 23. Ne4 Qxd3 24. Qxc3 Be2 {Shimanov,A (2566)-Korchmar,V (2438) chess.com INT 2023 1-0 (35)}) 10... Nxe4 11. dxe4 e5 12. b4 axb4 13. axb4 Bxb4 14. Nxe5 Nxe5 15. Rxb4 c5 16. Rb5 b6 17. Qb3 Be6 18. Rxb6 Bxc4 19. Qb2 Bxe2 20. Bg5 f6 21. Re6 Bxf1 22. Kxf1 Qa5 0-1

[Event "45th FIDE Chess Olympiad Open"]
[Site "Budapest, Hungary"]
[Date "2024.09.11"]
[Round "1.186"]
[White "Salinas Herrera, Pablo"]
[Black "Salvadora, Angelo"]
[Result "1-0"]
[WhiteElo "2479"]
[BlackElo "1812"]
[PlyCount "83"]
[EventDate "2024.??.??"]
[WhiteTeam "Chile"]
[BlackTeam "Palau"]
[WhiteTeamCountry "CHI"]
[BlackTeamCountry "PAL"]
[WhiteClock "1:06:09"]
[BlackClock "0:52:01"]

1. d4 e6 2. Nf3 d5 3. Bf4 Bd6 4. e3 Bxf4 5. exf4 Nc6 ({RR} 5... Ne7 6. Bd3 b6 7. c3 a5 8. Ne5 Ba6 9. Qh5 g6 10. Qe2 Bxd3 11. Qxd3 Nd7 12. Nd2 a4 13. O-O O-O 14. Rae1 c5 15. Ndf3 Nf5 16. g4 Ng7 17. Qb5 Nxe5 18. fxe5 c4 19. Re3 Qe7 20. h3 {Gareyev,T (2522)-Luther,T (2593) Turin 2006 1-0 (35)}) 6. c3 a6 $146 ({RR} 6... Nf6 7. Bd3 Bd7 8. Nbd2 Ne7 9. O-O Nh5 10. g3 Ng6 11. Ne5 Nf6 12. Re1 Ne7 13. Qc2 h6 14. Ndf3 O-O 15. Nh4 Ne8 16. Re3 f5 17. Rae1 Nf6 18. f3 Nh7 19. Nxd7 Qxd7 20. Rxe6 Rae8 21. Qe2 {Michaud,L (1714)-Rabutki,D (1610) Montreal 2018 ½-½ (44)}) ({RR} 6... Nf6 7. Bd3 Bd7 8. Nbd2 Qe7 9. Ne5 Nxe5 10. fxe5 Ng8 11. a4 a6 12. Nb3 b6 13. a5 c5 14. Bc2 c4 15. Nd2 b5 16. b3 f5 17. Qf3 Rc8 18. bxc4 bxc4 19. O-O Nh6 20. Rfb1 Bb5 21. Ba4 {Chiquillo Agudelo,S (1686)-Marin,S (1870) Medellin COL 2024 0-1 (32)}) ({RR} 6... Bd7 7. Nbd2 Nf6 8. Bd3 Qe7 9. Qc2 h6 10. Ne5 O-O-O 11. Nb3 Nh5 12. g3 g5 13. Nc5 Nxe5 14. fxe5 Bc6 15. O-O-O b6 16. Ba6+ Kb8 17. Qb3 Ka8 18. Nd3 Qd7 19. Qb4 Ng7 20. b3 Rb8 21. a4 {Popp,M (1518)-Freund,K (1673) Erlensee 2007 0-1 (59)}) ({RR} 6... Qd6 7. g3 f6 8. Bb5 Bd7 9. O-O Nce7 10. Bxd7+ Qxd7 11. Re1 O-O-O 12. b4 a6 13. a4 b6 14. Qe2 Kb7 15. Qxe6 Qxe6 16. Rxe6 Rd7 17. Nbd2 Ng6 18. Rae1 N8e7 19. Nh4 Nxh4 20. gxh4 Nf5 21. Nf3 {Wagner,G (1547)-Rodler,U (1322) Beverungen 2003 ½-½}) 7. Bd3 h6 8. h4 Nf6 9. Nbd2 Nh5 10. g3 Nf6 11. h5 Bd7 12. Qe2 Qe7 13. Kf1 Nh7 14. Kg2 O-O 15. Rae1 Rae8 16. Nh4 Nf6 17. Bb1 Na5 18. Qd3 Bb5 19. Qc2 Nc4 20. Nf1 Nd6 21. Ne3 Nde4 22. f3 Nd6 23. Ng4 Nde4 24. fxe4 Nxg4 25. e5 f5 26. Ng6 Qf7 27. Rh4 Rc8 28. Rxg4 Rfe8 29. Rh4 c5 30. Rd1 b6 31. g4 cxd4 32. Rxd4 Rc4 33. gxf5 exf5 34. Qxf5 Qxf5 35. Bxf5 Rxd4 36. cxd4 Bc6 37. Rh3 Bb5 38. Rc3 Bc4 39. b3 Be2 40. Bd7 Rd8 41. e6 Bxh5 42. e7 1-0

[Event "45th FIDE Chess Olympiad Open"]
[Site "Budapest, Hungary"]
[Date "2024.09.11"]
[Round "1.187"]
[White "Mahor Jr, Manuel"]
[Black "Lopez Silva, Hugo"]
[Result "0-1"]
[WhiteElo "1759"]
[BlackElo "2379"]
[PlyCount "64"]
[EventDate "2024.??.??"]
[WhiteTeam "Palau"]
[BlackTeam "Chile"]
[WhiteTeamCountry "PAL"]
[BlackTeamCountry "CHI"]
[WhiteClock "1:01:31"]
[BlackClock "0:46:08"]

1. d4 Nf6 2. Nf3 g6 3. Nc3 d5 4. Bf4 Bg7 5. Qd2 O-O 6. Bh6 c5 7. Bxg7 Kxg7 8. O-O-O ({RR} 8. dxc5 Nc6 9. Rd1 Qa5 10. Nxd5 Qxa2 11. Nxf6 exf6 12. Qc3 b5 13. cxb6 Bb7 14. e3 Rfc8 15. Bc4 Qa4 16. Rd7 Nd8 17. Rd4 axb6 18. O-O Bxf3 19. gxf3 Qc6 20. Qd2 Ra5 21. f4 Ne6 22. Bxe6 Qxe6 {Sevian,S (2687)-Ivic,V (2560) chess.com INT 2022 1-0 (45)}) ({RR} 8. dxc5 Qa5 9. e4 Qxc5 10. exd5 Rd8 11. O-O-O e6 12. h4 exd5 13. h5 Nc6 14. hxg6 fxg6 15. Bd3 Ng4 16. Qg5 Qd6 17. Nb5 Qf6 18. Nc7 Rb8 19. Qxf6+ Nxf6 20. Ng5 Rd7 21. Nce6+ Kg8 22. Bb5 Re7 {Barrionuevo,P (2191)-Gomez Barrera,J (2217) Buenos Aires ARG 2024 1-0 (55)}) 8... cxd4 9. Nxd4 Nc6 10. e3 e5 $146 ({RR} 10... a6 11. Be2 Qc7 12. h4 h5 13. Rdg1 e5 14. Nxc6 bxc6 15. Qd1 Rd8 16. g4 Nxg4 17. Bxg4 Bxg4 18. Rxg4 hxg4 19. Qxg4 Qd7 20. Qg3 Qf5 21. f3 Rh8 22. e4 dxe4 23. Nxe4 Qf4+ 24. Qxf4 exf4 25. c4 {Vincitore,U-Watelet,S (1872) Manage 2008 0-1 (39)}) 11. Nb3 Be6 12. h4 h5 13. Be2 Qe7 14. f3 Rad8 15. g4 d4 16. Ne4 Nxe4 17. fxe4 dxe3 18. Qxe3 Rxd1+ 19. Bxd1 hxg4 20. Qg3 f5 21. exf5 gxf5 22. Qc3 Qb4 23. Qe3 Qf4 24. Qxf4 exf4 25. Nc5 Bc8 26. c3 Ne5 27. Re1 Kf6 28. Kc2 b6 29. Nd3 Nxd3 30. Kxd3 Rd8+ 31. Ke2 Ba6+ 32. Kf2 Rd2+ 0-1

[Event "45th FIDE Chess Olympiad Open"]
[Site "Budapest, Hungary"]
[Date "2024.09.11"]
[Round "1.189"]
[White "Fawzy, Adham"]
[Black "Hasford, John Kojo"]
[Result "1-0"]
[WhiteElo "2507"]
[BlackElo "1956"]
[PlyCount "77"]
[EventDate "2024.??.??"]
[WhiteTeam "Egypt"]
[BlackTeam "Ghana"]
[WhiteTeamCountry "EGY"]
[BlackTeamCountry "GHA"]
[WhiteClock "0:56:47"]
[BlackClock "0:06:25"]

1. e4 d6 2. d4 Nf6 3. Nc3 g6 4. f4 Bg7 5. Nf3 c6 6. Bd3 O-O 7. h3 Na6 8. O-O Nb4 9. Be2 d5 10. e5 Ne4 11. Nxe4 dxe4 12. Ng5 f5 13. exf6 exf6 $146 ({RR} 13... Bxf6 14. c3 Bxg5 15. fxg5 Nd5 16. Bc4 Qd6 17. Rxf8+ Kxf8 18. Qe1 Bf5 19. g4 Be6 20. Bf1 Kg8 21. Qxe4 Rf8 22. Bd2 Nb6 23. b3 Qg3+ 24. Qg2 Qd6 25. Qe2 Qg3+ 26. Bg2 Bd5 27. Be1 Qxg2+ 28. Qxg2 {Videnova,I (2297)-Tosic,M (2444) Obrenovac 2011 1-0 (63)}) 14. Bc4+ Nd5 15. Nxe4 f5 16. Ng5 Qb6 17. c3 h6 18. Nf3 Be6 19. Re1 Rae8 20. Bb3 Kh7 21. Kh1 Qc7 22. Ne5 Nf6 23. Nxg6 Kxg6 24. Rxe6 Rxe6 25. Bxe6 Ne4 26. Qf3 Qe7 27. Bb3 Qh4 28. Be3 Re8 29. Bc2 h5 30. Kg1 Bh6 31. Rd1 Nf6 32. c4 Ne4 33. d5 Qf6 34. dxc6 Qxc6 35. Rd5 Qxc4 36. Rxf5 Kxf5 37. Qxh5+ Kf6 38. Qxe8 Qxc2 39. Bd4+ 1-0